| 000 | 00749nam a2200241Ia 4500 | ||
|---|---|---|---|
| 003 | OSt | ||
| 005 | 20220926011121.0 | ||
| 006 | a|||||r|||| 00| 0 | ||
| 007 | ta | ||
| 008 | 220923b |||||||| |||| 00| 0 eng d | ||
| 037 | _cGeneral Book | ||
| 040 |
_aRTL _cRTL _beng |
||
| 041 |
_2eng _aeng |
||
| 082 | _aX:77.1(X).N7, L0 | ||
| 100 |
_aSpiegelglas Stephen Ed. _9313585 |
||
| 245 | 0 |
_aEconomics development _b challenge and promise |
|
| 260 |
_aNew Jersey _bPrentice-Hall _c1970 |
||
| 300 |
_axi,366p. _ccm. |
||
| 650 |
_aEconomic Development _917300 |
||
| 700 |
_a Welsh Charles J. Ed. _9313586 |
||
| 942 |
_hX:77.1(X).N7, L0 _cGB _2CC |
||
| 999 |
_c619153 _d619153 |
||